000 00440nam a22001817a 4500
999 _c526914
_d526914
003 NUST
020 _a-
038 _aZafar Malik
082 _a780
_bALI
100 _aAli, Shahbaz
_917918
245 _aSur Sansar \
_cShahbaz Ali
260 _aRawalpindi :
_bAli Publications ;
_c2002.
300 _a222 p. ;
500 _aPaperback
880 _6100-02\r
_aشہباز علی
880 _6245-02\r
_aسر سنسار
942 _2ddc
_cBK